US States by Borders - Statistics

General Stats
  • This quiz has been taken 39 times
  • The average score is 48 of 50
Answers on the Map
Answers color-coded by a green-red scale on the quiz's map according to % correct below.
 
Answer Stats
Bordering States State % Correct
Louisiana, Mississippi, Missouri, Oklahoma, Tennessee, Texas Arkansas
100%
Arkansas, Mississippi, Texas Louisiana
100%
Arizona, Colorado, Oklahoma, Texas, Utah New Mexico
100%
Arkansas, Colorado, Kansas, Missouri, New Mexico, Texas Oklahoma
100%
Arkansas, Louisiana, New Mexico, Oklahoma Texas
100%
Florida, Georgia, Mississippi, Tennessee Alabama
97%
Alaska
97%
California, Colorado, Nevada, New Mexico, Utah Arizona
97%
Arizona, Nevada, Oregon California
97%
Arizona, Kansas, Nebraska, New Mexico, Oklahoma, Utah, Wyoming Colorado
97%
Massachusetts, New York, Rhode Island Connecticut
97%
Alabama, Georgia Florida
97%
Alabama, Florida, North Carolina, South Carolina, Tennessee Georgia
97%
Montana, Nevada, Oregon, Utah, Washington, Wyoming Idaho
97%
Indiana, Iowa, Kentucky, Missouri, Wisconsin Illinois
97%
Illinois, Kentucky, Michigan, Ohio Indiana
97%
Illinois, Minnesota, Missouri, Nebraska, South Dakota, Wisconsin Iowa
97%
Colorado, Missouri, Nebraska, Oklahoma Kansas
97%
Illinois, Indiana, Missouri, Ohio, Tennessee, Virginia, West Virginia Kentucky
97%
Connecticut, New Hampshire, New York, Rhode Island, Vermont Massachusetts
97%
Iowa, North Dakota, South Dakota, Wisconsin Minnesota
97%
Arkansas, Illinois, Iowa, Kansas, Kentucky, Nebraska, Oklahoma, Tennessee Missouri
97%
Idaho, North Dakota, South Dakota, Wyoming Montana
97%
Colorado, Iowa, Kansas, Missouri, South Dakota, Wyoming Nebraska
97%
Arizona, California, Idaho, Oregon, Utah Nevada
97%
Delaware, New York, Pennsylvania New Jersey
97%
Connecticut, Massachusetts, New Jersey, Pennsylvania, Vermont New York
97%
Minnesota, Montana, South Dakota North Dakota
97%
California, Idaho, Nevada, Washington Oregon
97%
Delaware, Maryland, New Jersey, New York, Ohio, West Virginia Pennsylvania
97%
Iowa, Minnesota, Montana, Nebraska, North Dakota, Wyoming South Dakota
97%
Arizona, Colorado, Idaho, Nevada, New Mexico, Wyoming Utah
97%
Massachusetts, New Hampshire, New York Vermont
97%
Idaho, Oregon Washington
97%
Illinois, Iowa, Michigan, Minnesota Wisconsin
97%
Colorado, Idaho, Montana, Nebraska, South Dakota, Utah Wyoming
97%
Hawaii
95%
Indiana, Ohio, Wisconsin Michigan
95%
Alabama, Arkansas, Louisiana, Tennessee Mississippi
95%
Georgia, South Carolina, Tennessee, Virginia North Carolina
95%
Indiana, Kentucky, Michigan, Pennsylvania, West Virginia Ohio
95%
Georgia, North Carolina South Carolina
95%
Alabama, Arkansas, Georgia, Kentucky, Mississippi, Missouri, North Carolina, Virginia Tennessee
95%
Kentucky, Maryland, North Carolina, Tennessee, West Virginia Virginia
95%
Kentucky, Maryland, Ohio, Pennsylvania, Virginia West Virginia
95%
Maryland, New Jersey, Pennsylvania Delaware
92%
New Hampshire Maine
92%
Delaware, Pennsylvania, Virginia, West Virginia Maryland
92%
Maine, Massachusetts, Vermont New Hampshire
92%
Connecticut, Massachusetts Rhode Island
92%
No matching quizzes found
Score Distribution
Percent of People with Each Score
Percentile by Number Answered
Your Score History
You have not taken this quiz